[Event "DEN-ch sf7"]
[Site "Svendborg"]
[Date "2024.03.29"]
[Round "2"]
[White "Skytte, Torill"]
[Black "Ramsdal, Mikkel"]
[Result "0-1"]
[WhiteElo "1968"]
[BlackElo "1882"]
[PlyCount "110"]
[EventDate "2024.03.29"]
[EventType "swiss"]
[EventRounds "7"]
[EventCountry "DEN"]
[SourceTitle "CBM 219 Extra"]
[Source "ChessBase"]
[SourceDate "2024.05.31"]
[SourceVersion "1"]
[SourceVersionDate "2024.05.31"]
[SourceQuality "1"]

1. d4 d5 2. Bf4 c5 3. e3 cxd4 4. exd4 Nc6 5. c3 f6 6. Bd3 e5 7. Qe2 Qe7 8. Be3 Be6 9. Nd2 a6 10. Nb3 e4 11. Bc2 f5 12. Nh3 h6 13. Nf4 Bf7 14. h4 Nf6 15. 0-0-0 g6 16. f3 Bg7 17. Rde1 0-0-0 18. Nc5 g5 19. hxg5 hxg5 20. Nh3 Nh5 21. Bxg5 Bf6 22. Bxf6 Qxf6 23. Qf2 Rdf8 24. Rhf1 Qh6+ 25. Kb1 Rhg8 26. fxe4 Ng3 27. Rg1 fxe4 28. Qe3 Qxe3 29. Rxe3 b6 30. Nxa6 Bh5 31. Bb3 Rf5 32. Rge1 Kb7 33. Nb4 Nxb4 34. cxb4 Nf1 35. Bxd5+ Rxd5 36. Rxf1 Rxd4 37. Nf4 Rf8 38. a3 Rd2 39. g3 Be2 40. Rh1 Bf3 41. Rh7+ Kb8 42. Rg7 Rh8 43. Ka2 Rc8 44. g4 Rcc2 45. Kb3 Bd1 46. Rc3 e3 47. g5 b5 48. Rxc2 Rxc2 49. Ka2 Rc4 50. Ng2 e2 51. Re7 Rg4 52. Ne1 Rxg5 53. Kb1 Rg1 54. Nd3 Bb3+ 55. Nc1 e1Q 0-1

[Event "SWE-DEN (Women)"]
[Site "chess24.com INT"]
[Date "2020.06.17"]
[Round "1.2"]
[White "Skytte, Torill"]
[Black "Frisk, Ellinor"]
[Result "0-1"]
[WhiteElo "1967"]
[BlackElo "2176"]
[PlyCount "84"]
[EventDate "2020.06.17"]
[EventType "team-match (rapid)"]
[EventRounds "6"]
[EventCountry "SWE"]
[SourceTitle "CBM 196 Extra"]
[Source "ChessBase"]
[SourceDate "2020.07.31"]
[SourceVersion "1"]
[SourceVersionDate "2020.07.31"]
[SourceQuality "1"]
[WhiteTeam "Denmark"]
[BlackTeam "Sweden"]
[WhiteTeamCountry "DEN"]
[BlackTeamCountry "SWE"]

1. d4 d5 2. Nf3 Nf6 3. Bg5 Nbd7 4. e3 h6 5. Bh4 c6 6. Nbd2 e6 7. Bd3 Qc7 8. c3 Bd6 9. Qe2 0-0 10. Bg3 e5 11. dxe5 Nxe5 12. Nxe5 Bxe5 13. Nf3 Bxg3 14. hxg3 Bg4 15. Qc2 Rfe8 16. 0-0-0 Ne4 17. Rh4 Bf5 18. Nd4 Bg6 19. g4 Qe7 20. Rh2 Qe5 21. g3 Rad8 22. Kb1 a6 23. Rdh1 c5 24. Nf3 Qf6 25. Nh4 Bh7 26. Rg1 c4 27. Nf5 Bxf5 28. gxf5 cxd3 29. Qxd3 Qxf5 30. g4 Nxc3+ 31. Kc2 Qxd3+ 32. Kxd3 Ne4 33. f3 Nc5+ 34. Kd4 Ne6+ 35. Kd3 d4 36. e4 Nf4+ 37. Kd2 f6 38. a3 Rc8 39. Rh4 Rc5 40. Ke1 Rc1+ 41. Kf2 Rc2+ 42. Kg3 Ne2+ 0-1

[Event "DEN-ch (Women)"]
[Site "Svendborg"]
[Date "2016.03.26"]
[Round "5"]
[White "Skytte, Torill"]
[Black "Wul Micalizio, Caterina"]
[Result "1-0"]
[WhiteElo "1972"]
[BlackElo "1384"]
[PlyCount "65"]
[EventDate "2016.03.22"]
[EventType "tourn"]
[EventRounds "7"]
[EventCountry "DEN"]
[SourceTitle "EXT 2018"]
[Source "ChessBase"]
[SourceDate "2017.10.13"]
[SourceVersion "1"]
[SourceVersionDate "2017.10.13"]
[SourceQuality "1"]

1. d4 d5 2. Bf4 Nf6 3. e3 g6 4. Nf3 Bg7 5. Be2 0-0 6. h3 Nbd7 7. 0-0 Ne4 8. c4 c5 9. Nc3 b6 10. Nxd5 Ndf6 11. Nxf6+ Nxf6 12. Qb3 Ne4 13. Rad1 cxd4 14. exd4 Be6 15. Ne5 Qc8 16. Qe3 Nd6 17. b3 Rd8 18. Bf3 Nf5 19. Qe4 Rb8 20. Nc6 Rd7 21. Bxb8 Nxd4 22. Nxd4 Rxd4 23. Rxd4 Bxd4 24. Qxd4 Qxb8 25. Rd1 Bf5 26. Qd8+ Qxd8 27. Rxd8+ Kg7 28. Ra8 a5 29. Rb8 Bb1 30. a3 Bc2 31. Rxb6 a4 32. b4 Bb3 33. c5 1-0

[Event "DEN-ch (Women)"]
[Site "Svendborg"]
[Date "2016.03.24"]
[Round "3"]
[White "Skytte, Torill"]
[Black "Baliuniene, Margarita"]
[Result "0-1"]
[WhiteElo "1972"]
[BlackElo "1866"]
[PlyCount "102"]
[EventDate "2016.03.22"]
[EventType "tourn"]
[EventRounds "7"]
[EventCountry "DEN"]
[SourceTitle "EXT 2018"]
[Source "ChessBase"]
[SourceDate "2017.10.13"]
[SourceVersion "1"]
[SourceVersionDate "2017.10.13"]
[SourceQuality "1"]

1. d4 d5 2. Nf3 Nf6 3. Bg5 e6 4. e3 Be7 5. Nbd2 Nbd7 6. Bd3 c5 7. c3 b6 8. 0-0 Bb7 9. Ne5 0-0 10. f4 Ne4 11. Bxe7 Qxe7 12. Rf3 f5 13. Nxd7 Qxd7 14. Rh3 Nxd2 15. Qxd2 a5 16. Qe2 c4 17. Bc2 b5 18. Kh1 b4 19. g4 bxc3 20. bxc3 Bc6 21. gxf5 exf5 22. Qh5 g6 23. Rg1 Rf6 24. Rhg3 Kf8 25. Qh6+ Qg7 26. Qh3 Ra7 27. Rg5 Qf7 28. Qf1 Rb7 29. Qc1 Qe7 30. R1g2 Bd7 31. R5g3 Rfb6 32. a4 Rb2 33. Qa1 Qd6 34. h4 Kf7 35. h5 Rb8 36. hxg6+ hxg6 37. Rh3 R2b6 38. Rgh2 Rg8 39. Qe1 Rg7 40. Rh6 Qe7 41. Qc1 Bxa4 42. R6h3 Bxc2 43. Rxc2 Qe4+ 44. Kg1 g5 45. Rg3 Rh7 46. Kf1 Rh1+ 47. Rg1 Rxg1+ 48. Kxg1 gxf4 49. Kf2 fxe3+ 50. Ke2 Rg6 51. Qb2 Rg2+ 0-1

[Event "Bergen op"]
[Site "Bergen"]
[Date "2014.10.12"]
[Round "4"]
[White "Skytte, Torill"]
[Black "Rasmussen, Jonas H"]
[Result "1-0"]
[WhiteElo "1985"]
[BlackElo "1727"]
[PlyCount "111"]
[EventDate "2014.10.10"]
[EventType "swiss"]
[EventRounds "5"]
[EventCountry "NOR"]
[SourceTitle "EXT 2015"]
[Source "ChessBase"]
[SourceDate "2014.11.20"]
[SourceVersion "1"]
[SourceVersionDate "2014.11.20"]
[SourceQuality "1"]

1. d4 Nf6 2. Bf4 e6 3. e3 Be7 4. Nf3 0-0 5. Bd3 d6 6. h3 Nbd7 7. c4 Re8 8. 0-0 Bf8 9. Bh2 b6 10. Nc3 Bb7 11. b4 e5 12. Nd2 a5 13. bxa5 Rxa5 14. Nb3 Ra8 15. Qc2 g6 16. a4 Bg7 17. Nb5 exd4 18. exd4 Nb8 19. Rfd1 Na6 20. Bf1 Ne4 21. f3 Nb4 22. Qc1 Nf6 23. c5 bxc5 24. dxc5 Nfd5 25. cxd6 cxd6 26. Nxd6 Bxa1 27. Nxe8 Qxe8 28. Nxa1 Rxa4 29. Re1 Qd8 30. Nb3 Na2 31. Qb2 Nac3 32. Nc5 Rb4 33. Qd2 Bc6 34. Be5 Nb5 35. Nd3 Ra4 36. Kh1 Ndc7 37. Qh6 Qf8 38. Qc1 Bd5 39. Nf2 Qd8 40. Ng4 Ra6 41. Bxb5 Nxb5 42. Nh6+ Kf8 43. Qc5+ Nd6 44. Qxd5 Qc7 45. Rd1 Ke7 46. Ng8+ Kd7 47. Nf6+ Ke7 48. Ng8+ Kd7 49. Qxf7+ Kc8 50. Qf8+ Kd7 51. Bxd6 Rxd6 52. Qe7+ Kc8 53. Qxd6 Qa5 54. Qd7+ Kb8 55. Rb1+ Ka8 56. Qb7# 1-0

[Event "Olympiad Women-41"]
[Site "Tromsoe"]
[Date "2014.08.06"]
[Round "5.1"]
[White "Skytte, Torill"]
[Black "Yuan, Yuanling"]
[Result "0-1"]
[WhiteElo "1991"]
[BlackElo "2241"]
[PlyCount "62"]
[EventDate "2014.08.02"]
[EventType "team-swiss"]
[EventRounds "11"]
[EventCountry "NOR"]
[SourceTitle "CBM 162"]
[Source "ChessBase"]
[SourceDate "2014.09.17"]
[SourceVersion "1"]
[SourceVersionDate "2014.09.17"]
[SourceQuality "1"]
[WhiteTeam "Norway (W) III"]
[BlackTeam "Canada (W)"]
[WhiteTeamCountry "NOR"]
[BlackTeamCountry "CAN"]

1. d4 f5 2. Bf4 Nf6 3. e3 g6 4. Be2 Bg7 5. h4 d6 6. Nf3 Be6 7. c4 c6 8. Nc3 Nbd7 9. Ng5 Bg8 10. Rb1 e5 11. Bg3 Qe7 12. b4 f4 13. exf4 exd4 14. Qxd4 Nd5 15. Nxd5 cxd5 16. Qd2 dxc4 17. 0-0 0-0-0 18. Rfe1 Qf8 19. Bg4 Kb8 20. Ne6 Bxe6 21. Bxe6 Nb6 22. Qc2 Qf6 23. f5 Rhe8 24. Red1 Rxe6 25. fxe6 Qxe6 26. a4 c3 27. Rd3 Nc4 28. Rb3 Nd2 29. Rbxc3 Qe1+ 30. Kh2 Nf1+ 31. Kh3 Qe6# 0-1

[Event "Olympiad Women-41"]
[Site "Tromsoe"]
[Date "2014.08.04"]
[Round "3.1"]
[White "Koskoska, Gabriela"]
[Black "Skytte, Torill"]
[Result "1-0"]
[WhiteElo "2102"]
[BlackElo "1991"]
[PlyCount "97"]
[EventDate "2014.08.02"]
[EventType "team-swiss"]
[EventRounds "11"]
[EventCountry "NOR"]
[SourceTitle "CBM 162"]
[Source "ChessBase"]
[SourceDate "2014.09.17"]
[SourceVersion "1"]
[SourceVersionDate "2014.09.17"]
[SourceQuality "1"]
[WhiteTeam "Macedonia (W)"]
[BlackTeam "Norway (W) III"]
[WhiteTeamCountry "MKD"]
[BlackTeamCountry "NOR"]

1. e4 e6 2. Qe2 Be7 3. f4 d5 4. d3 c5 5. Nf3 Nc6 6. g3 Nf6 7. Bg2 0-0 8. 0-0 b5 9. e5 Ne8 10. c4 Nc7 11. Na3 Rb8 12. b3 a5 13. Be3 Qd7 14. Bf2 Ba6 15. Rfd1 d4 16. h4 Rb6 17. Ng5 f6 18. exf6 Bxf6 19. cxb5 Bxb5 20. Nxb5 Rxb5 21. Re1 Bxg5 22. hxg5 Ne7 23. Be4 e5 24. fxe5 Qh3 25. Rf1 Rb6 26. Bg2 Qc8 27. Rac1 Nb5 28. Be1 Nf5 29. Qf3 Nc3 30. Bxc3 dxc3 31. Bh3 g6 32. Rxc3 Kg7 33. g4 Qd8 34. gxf5 Qd4+ 35. Qf2 Qxc3 36. f6+ Kh8 37. e6 Qe5 38. Qf4 Rxe6 39. Bxe6 Qxe6 40. Qe4 Qh3 41. Rf3 Qh5 42. Qf4 h6 43. gxh6 g5 44. Qf5 Qe8 45. f7 Qe1+ 46. Kg2 Qe7 47. Qf6+ Qxf6 48. Rxf6 Kh7 49. Kg3 1-0

[Event "Budapest FS02 FM-A"]
[Site "Budapest"]
[Date "2014.02.03"]
[Round "3"]
[White "Skytte, Torill"]
[Black "Farkas, Richard"]
[Result "1/2-1/2"]
[WhiteElo "1971"]
[BlackElo "2165"]
[PlyCount "88"]
[EventDate "2014.02.01"]
[EventType "tourn"]
[EventRounds "11"]
[EventCountry "HUN"]
[SourceTitle "CBM 158 Extra"]
[Source "ChessBase"]
[SourceDate "2014.02.28"]
[SourceVersion "1"]
[SourceVersionDate "2014.02.28"]
[SourceQuality "1"]

1. d4 Nf6 2. Bf4 g6 3. e3 Bg7 4. Be2 d6 5. Nf3 c5 6. c3 b6 7. h3 0-0 8. 0-0 Bb7 9. Nbd2 Nbd7 10. Qb3 Qc7 11. Bh2 a6 12. a4 Rfe8 13. Bc4 e6 14. Ng5 Qc6 15. Ngf3 d5 16. Be2 c4 17. Qc2 b5 18. Ne5 Nxe5 19. Bxe5 Nd7 20. Bxg7 Kxg7 21. f4 Nb6 22. axb5 axb5 23. Bf3 f5 24. g4 Na4 25. Bg2 Ra6 26. Nf3 Rea8 27. Qf2 Nb6 28. Rxa6 Rxa6 29. Qh4 Qe8 30. Ng5 h6 31. Nf3 Ra2 32. Rf2 Na4 33. Ne5 Rxb2 34. Rxb2 Nxb2 35. Qe1 Na4 36. Qa1 Qe7 37. Kh2 Qd6 38. Kh1 Bc8 39. Bf3 Bd7 40. Bd1 Be8 41. Bc2 Kf6 42. Kg2 Ke7 43. h4 h5 44. g5 Kf8 1/2-1/2

[Event "Budapest FS08 FM-A1"]
[Site "Budapest"]
[Date "2013.08.12"]
[Round "9"]
[White "Farkas, Richard"]
[Black "Skytte, Torill"]
[Result "1/2-1/2"]
[WhiteElo "2176"]
[BlackElo "1934"]
[PlyCount "71"]
[EventDate "2013.08.03"]
[EventType "tourn"]
[EventRounds "9"]
[EventCountry "HUN"]
[SourceTitle "CBM 155 Extra"]
[Source "ChessBase"]
[SourceDate "2013.08.26"]
[SourceVersion "1"]
[SourceVersionDate "2013.08.26"]
[SourceQuality "1"]

1. e4 e6 2. d4 d5 3. e5 c5 4. Nf3 cxd4 5. Bd3 Nc6 6. 0-0 Nge7 7. Bf4 Ng6 8. Bg3 Be7 9. a3 Bd7 10. b4 a5 11. b5 Na7 12. a4 0-0 13. Nxd4 f5 14. f4 Nc8 15. Nd2 Nb6 16. Be1 Bb4 17. N2b3 Bxe1 18. Qxe1 Nc4 19. Qe2 Rc8 20. g4 Qh4 21. Rae1 b6 22. Qg2 Nb2 23. Ra1 Nxd3 24. cxd3 Qxg4 25. Qxg4 fxg4 26. f5 Nxe5 27. fxe6 Be8 28. Rxf8+ Kxf8 29. Rf1+ Ke7 30. Re1 Nf3+ 31. Nxf3 gxf3 32. Nd4 Rc3 33. Nf5+ Kf6 34. Nd6 Ke7 35. Nf5+ Kf6 36. Nd6 1/2-1/2

[Event "Budapest FS08 FM-A1"]
[Site "Budapest"]
[Date "2013.08.06"]
[Round "4"]
[White "Skytte, Torill"]
[Black "Kovacs, Arthur"]
[Result "1/2-1/2"]
[WhiteElo "1934"]
[BlackElo "1995"]
[PlyCount "44"]
[EventDate "2013.08.03"]
[EventType "tourn"]
[EventRounds "9"]
[EventCountry "HUN"]
[SourceTitle "CBM 155 Extra"]
[Source "ChessBase"]
[SourceDate "2013.08.26"]
[SourceVersion "1"]
[SourceVersionDate "2013.08.26"]
[SourceQuality "1"]

1. d4 d5 2. c4 e6 3. Nc3 Be7 4. cxd5 exd5 5. Bf4 c6 6. Qc2 Nf6 7. h3 g6 8. e3 Bf5 9. Qd2 Ne4 10. Nxe4 Bxe4 11. Ne2 Bf5 12. Nc3 Bd6 13. Bh6 Bf8 14. Bxf8 Kxf8 15. Be2 Nd7 16. 0-0 h5 17. b4 b5 18. a4 a6 19. Nd1 Nb6 20. Nb2 Nc4 21. Nxc4 bxc4 22. Kh1 Kg7 1/2-1/2

[Event "Budapest FS08 FM-A1"]
[Site "Budapest"]
[Date "2013.08.04"]
[Round "2"]
[White "Ekenstierna, Adrian"]
[Black "Skytte, Torill"]
[Result "1-0"]
[WhiteElo "1847"]
[BlackElo "1934"]
[PlyCount "101"]
[EventDate "2013.08.03"]
[EventType "tourn"]
[EventRounds "9"]
[EventCountry "HUN"]
[SourceTitle "CBM 155 Extra"]
[Source "ChessBase"]
[SourceDate "2013.08.26"]
[SourceVersion "1"]
[SourceVersionDate "2013.08.26"]
[SourceQuality "1"]

1. e4 e6 2. d4 d5 3. e5 c5 4. c3 Qb6 5. Nf3 Nc6 6. Be2 cxd4 7. cxd4 Nh6 8. Bxh6 Qxb2 9. Nbd2 gxh6 10. 0-0 Nxd4 11. Nxd4 Qxd4 12. Bb5+ Bd7 13. Bxd7+ Kxd7 14. Qe2 a6 15. Rfd1 Ke8 16. Nf3 Qg4 17. Qb2 Rg8 18. Ne1 Rb8 19. Qb6 Be7 20. Rab1 Rd8 21. Qxb7 Qa4 22. Rdc1 Rd7 23. Qa8+ Bd8 24. Rb6 Qxa2 25. Rxa6 Qd2 26. Qc6 Qd4 27. Nf3 Qg4 28. g3 Ke7 29. Qc5+ Ke8 30. Nd4 Rc7 31. Nc6 Rxc6 32. Qxc6+ Kf8 33. Qd6+ Kg7 34. Ra8 Qg5 35. Rcc8 Qd2 36. Qa6 Qg5 37. f4 Qg4 38. Rxd8 Qd1+ 39. Kg2 Qc2+ 40. Kh3 Rxd8 41. Rxd8 Qf5+ 42. Kh4 Qc2 43. h3 Qc7 44. Qd6 Qa5 45. Qf8+ Kg6 46. Qg8+ Kf5 47. Qg4+ Ke4 48. Qe2+ Kd4 49. Rb8 Qa3 50. Qd2+ Ke4 51. Qb4+ 1-0

[Event "EU-ch 14th"]
[Site "Legnica"]
[Date "2013.05.14"]
[Round "9"]
[White "Xylogiannopoulos, Antonios"]
[Black "Skytte, Torill"]
[Result "1-0"]
[WhiteElo "2147"]
[BlackElo "1922"]
[PlyCount "154"]
[EventDate "2013.05.05"]
[EventType "swiss"]
[EventRounds "11"]
[EventCountry "POL"]
[SourceTitle "CBM 155"]
[Source "ChessBase"]
[SourceDate "2013.07.16"]
[SourceVersion "1"]
[SourceVersionDate "2013.07.16"]
[SourceQuality "1"]

1. d4 d5 2. c4 e6 3. Nc3 c5 4. Nf3 Nc6 5. e3 Nf6 6. Be2 Be7 7. 0-0 0-0 8. b3 b6 9. cxd5 exd5 10. Bb5 Bb7 11. dxc5 Bxc5 12. Na4 Be7 13. Bb2 Ne4 14. Nc3 Bf6 15. Rc1 Nb4 16. Qe2 a6 17. a3 axb5 18. axb4 Qe7 19. Nxb5 Ba6 20. Bxf6 Nxf6 21. Nfd4 Qxb4 22. Rc6 Rfb8 23. Rfc1 Nd7 24. Rc7 Nf6 25. Qe1 Qxe1+ 26. Rxe1 Bxb5 27. Nxb5 Rc8 28. h3 Rxc7 29. Nxc7 Ra2 30. Rd1 Rb2 31. Nxd5 Rxb3 32. Nxb6 g6 33. Nd5 Nxd5 34. Rxd5 h5 35. Kh2 Kg7 36. Rd6 Rb2 37. Kg3 Kh6 38. Kf3 Rb5 39. Rf6 Kg7 40. Rf4 g5 41. Ra4 Kg6 42. Ra6+ f6 43. Kg3 h4+ 44. Kf3 Rf5+ 45. Ke2 Rb5 46. Ra8 Rb4 47. Rd8 Ra4 48. Rd5 Rb4 49. Kf3 Ra4 50. Rd8 Rb4 51. Rd4 Rb5 52. g3 hxg3 53. fxg3 Ra5 54. h4 gxh4 55. gxh4 Rb5 56. Kg4 Re5 57. Kf3 Ra5 58. Rf4 f5 59. Rd4 Kh5 60. Kg3 Re5 61. Kf4 Ra5 62. Rd8 Kg6 63. Rd6+ Kh5 64. Rf6 Ra4+ 65. Kxf5 Kxh4 66. Rh6+ Kg3 67. e4 Ra1 68. Rg6+ Kh4 69. e5 Kh5 70. Rg2 Rf1+ 71. Ke6 Re1 72. Kd6 Rd1+ 73. Ke7 Kh6 74. e6 Re1 75. Kd7 Rd1+ 76. Ke8 Ra1 77. e7 Rd1 1-0

[Event "EU-ch 14th"]
[Site "Legnica"]
[Date "2013.05.13"]
[Round "8"]
[White "Skytte, Torill"]
[Black "Svana, Peter"]
[Result "0-1"]
[WhiteElo "1922"]
[BlackElo "2255"]
[PlyCount "88"]
[EventDate "2013.05.05"]
[EventType "swiss"]
[EventRounds "11"]
[EventCountry "POL"]
[SourceTitle "CBM 155"]
[Source "ChessBase"]
[SourceDate "2013.07.16"]
[SourceVersion "1"]
[SourceVersionDate "2013.07.16"]
[SourceQuality "1"]

1. d4 Nf6 2. Nf3 g6 3. c4 Bg7 4. Bf4 0-0 5. e3 d6 6. Be2 h6 7. h3 Nbd7 8. Nc3 c6 9. 0-0 Nh7 10. b4 e5 11. Bh2 Qe7 12. Re1 f5 13. dxe5 dxe5 14. Qb3 Kh8 15. Rad1 g5 16. c5 h5 17. Rd6 g4 18. hxg4 hxg4 19. Nd2 Ndf6 20. Nc4 Ne8 21. Rd2 Be6 22. Qd1 Bxc4 23. Bxc4 Nef6 24. Ne2 Rad8 25. Rxd8 Rxd8 26. Qc2 Ne4 27. Rd1 Rf8 28. Bd3 Nhg5 29. Kf1 Qf6 30. Qb2 Qe6 31. Qb3 Qh6 32. Bg1 f4 33. exf4 exf4 34. Bxe4 Nxe4 35. Qd3 Qh7 36. f3 gxf3 37. Qxf3 Ng3+ 38. Kf2 Qh4 39. Nc3 Ne4+ 40. Kf1 Nxc3 41. Rd7 Re8 42. Bf2 Qh1+ 43. Bg1 Ne2 44. Rxg7 Qxg1# 0-1

[Event "EU-ch 14th"]
[Site "Legnica"]
[Date "2013.05.10"]
[Round "6"]
[White "Skytte, Torill"]
[Black "Kantorik, Marian"]
[Result "0-1"]
[WhiteElo "1922"]
[BlackElo "2363"]
[PlyCount "104"]
[EventDate "2013.05.05"]
[EventType "swiss"]
[EventRounds "11"]
[EventCountry "POL"]
[SourceTitle "CBM 155"]
[Source "ChessBase"]
[SourceDate "2013.07.16"]
[SourceVersion "1"]
[SourceVersionDate "2013.07.16"]
[SourceQuality "1"]

1. d4 Nf6 2. Bf4 c5 3. e3 Qb6 4. Nc3 e6 5. Nf3 a6 6. Rb1 Nc6 7. d5 exd5 8. Nxd5 Nxd5 9. Qxd5 Be7 10. Bc4 0-0 11. 0-0 Nb4 12. Qh5 d5 13. Be2 Qg6 14. Qxg6 hxg6 15. c3 Nc6 16. Rbd1 Be6 17. a3 c4 18. Ng5 b5 19. Bf3 Rad8 20. h4 Rd7 21. Nxe6 fxe6 22. Bg4 Kf7 23. g3 Rfd8 24. Kg2 Ra7 25. Bg5 a5 26. Ra1 Rda8 27. Rfb1 b4 28. Bf3 Bf6 29. Bxf6 gxf6 30. Kh3 Ke7 31. Kg2 Kd6 32. Be2 Rb8 33. Rd1 Kc5 34. h5 bxc3 35. bxc3 Rb2 36. Bf3 gxh5 37. Rh1 Rc2 38. Rxh5 Rxc3 39. Rh6 Rf7 40. Rh8 Rb3 41. Bh5 Re7 42. g4 Ne5 43. Rc8+ Kd6 44. Ra8 c3 45. Rxa5 Rc7 46. Ra6+ Ke7 47. Rc1 c2 48. a4 Nd3 49. g5 Nxc1 50. gxf6+ Kxf6 51. Bg4 Re7 52. Rc6 Nd3 0-1

[Event "Olympiad Women-40"]
[Site "Istanbul"]
[Date "2012.09.04"]
[Round "7.3"]
[White "Rodriguez Arrieta, Maria Elena"]
[Black "Skytte, Torill"]
[Result "1-0"]
[WhiteElo "1738"]
[BlackElo "1954"]
[PlyCount "85"]
[EventDate "2012.08.28"]
[EventType "team-swiss"]
[EventRounds "11"]
[EventCountry "TUR"]
[SourceTitle "CBM 150 Extra"]
[Source "ChessBase"]
[SourceDate "2012.10.19"]
[SourceVersion "1"]
[SourceVersionDate "2012.10.19"]
[SourceQuality "1"]
[WhiteTeam "Costa Rica (W)"]
[BlackTeam "Norway (W)"]
[WhiteTeamCountry "CRI"]
[BlackTeamCountry "NOR"]

1. e4 e6 2. d4 d5 3. Nd2 c5 4. exd5 exd5 5. Ngf3 Nf6 6. dxc5 Bxc5 7. Nb3 Bb6 8. Bb5+ Nc6 9. 0-0 0-0 10. Bg5 Be6 11. c3 h6 12. Bh4 Qe7 13. Re1 Rac8 14. Nbd4 Bd8 15. Ba4 a6 16. Bxc6 bxc6 17. Ne5 Qb7 18. Qb3 Qa8 19. Qa4 c5 20. Nxe6 fxe6 21. Bxf6 Rxf6 22. Qe8+ Kh7 23. Nd7 Rxf2 24. Nf8+ Rxf8 25. Qxf8 Bh4 26. Qf7 Rf8 27. Qxe6 Bf2+ 28. Kh1 Bxe1 29. Rxe1 Qb7 30. Qe2 a5 31. h3 Kh8 32. b3 Qc7 33. Qd3 Qf7 34. Rd1 Rd8 35. Qb5 Qc7 36. Qd3 Qf7 37. Qa6 Qc7 38. Qe6 Qb7 39. Rf1 Qd7 40. Rf8+ Kh7 41. Qg8+ Kg6 42. Rxd8 Qf5 43. Rd6+ 1-0

[Event "Olympiad Women-40"]
[Site "Istanbul"]
[Date "2012.08.30"]
[Round "3.3"]
[White "Skytte, Torill"]
[Black "Perez, Dalila"]
[Result "1-0"]
[WhiteElo "1954"]
[BlackElo "1760"]
[PlyCount "65"]
[EventDate "2012.08.28"]
[EventType "team-swiss"]
[EventRounds "11"]
[EventCountry "TUR"]
[SourceTitle "CBM 150 Extra"]
[Source "ChessBase"]
[SourceDate "2012.10.19"]
[SourceVersion "1"]
[SourceVersionDate "2012.10.19"]
[SourceQuality "1"]
[WhiteTeam "Norway (W)"]
[BlackTeam "Paraguay (W)"]
[WhiteTeamCountry "NOR"]
[BlackTeamCountry "PAR"]

1. d4 d5 2. Nf3 Nf6 3. e3 e6 4. Bd3 c5 5. b3 Nc6 6. Bb2 Bd7 7. Nbd2 Be7 8. Ne5 Rc8 9. c4 Qb6 10. dxc5 Qc7 11. Nxd7 Qxd7 12. 0-0 Nb4 13. Bb1 dxc4 14. Nxc4 Rxc5 15. Qxd7+ Nxd7 16. Bxg7 Rg8 17. Bd4 Rcg5 18. Bxh7 Rxg2+ 19. Kh1 R8g5 20. Nd2 Bf6 21. Ne4 Rg7 22. Nxf6+ Nxf6 23. Bxf6 Rxh2+ 24. Kxh2 Rxh7+ 25. Kg2 Rh6 26. Be5 Nd5 27. Rac1 Rg6+ 28. Bg3 f5 29. Rc8+ Kd7 30. Rfc1 e5 31. Kf1 f4 32. exf4 exf4 33. Bh4 1-0

[Event "Aarhus Chess House (Women)"]
[Site "Aarhus"]
[Date "2012.07.12"]
[Round "6"]
[White "Kirsanova, Ekaterina"]
[Black "Skytte, Torill"]
[Result "1-0"]
[WhiteElo "2159"]
[BlackElo "1948"]
[PlyCount "77"]
[EventDate "2012.07.07"]
[EventType "tourn"]
[EventRounds "9"]
[EventCountry "DEN"]
[SourceTitle "CBM 149 Extra"]
[Source "ChessBase"]
[SourceDate "2012.08.24"]
[SourceVersion "1"]
[SourceVersionDate "2012.08.24"]
[SourceQuality "1"]

1. d4 d5 2. Nf3 e6 3. e3 c5 4. b3 Nc6 5. Bb2 Nf6 6. Bd3 Be7 7. 0-0 0-0 8. Nbd2 a6 9. c4 Rb8 10. cxd5 exd5 11. dxc5 Bxc5 12. Bxf6 Qxf6 13. Bxh7+ Kxh7 14. Qc2+ Qg6 15. Qxc5 Bh3 16. Ne1 Rbd8 17. Ndf3 Rh8 18. Rd1 Be6 19. Nd3 Kg8 20. Nf4 Qf5 21. Nxe6 Qxe6 22. Nd4 Qe5 23. h3 Rh5 24. Nxc6 bxc6 25. Qd4 Qg5 26. f4 Qg6 27. Qd3 f5 28. Rf3 Qh6 29. Qxa6 g5 30. Rc1 Rd6 31. Qc8+ Kg7 32. Qxf5 g4 33. Qxg4+ Rg6 34. Qd7+ Kh8 35. Kh2 Rh4 36. Qe8+ Kh7 37. Rg3 Rhg4 38. Rxg4 Rxg4 39. Rxc6 1-0

[Event "Odense Andersen op"]
[Site "Odense"]
[Date "2012.05.17"]
[Round "3"]
[White "Skytte, Torill"]
[Black "Becker, Martin"]
[Result "1/2-1/2"]
[WhiteElo "1973"]
[BlackElo "2365"]
[PlyCount "157"]
[EventDate "2012.05.16"]
[EventType "swiss"]
[EventRounds "9"]
[EventCountry "DEN"]
[SourceTitle "CBM 148 Extra"]
[Source "ChessBase"]
[SourceDate "2012.06.22"]
[SourceVersion "1"]
[SourceVersionDate "2012.06.22"]
[SourceQuality "1"]

1. d4 Nf6 2. Bf4 e6 3. e3 c5 4. c3 b6 5. Nd2 Bb7 6. Ngf3 Nc6 7. Bd3 d5 8. Ne5 c4 9. Bc2 Be7 10. Qf3 b5 11. 0-0 Nxe5 12. dxe5 Nd7 13. Qg3 g6 14. Nf3 Nc5 15. Rfd1 Qc7 16. Bh6 Bf8 17. Bxf8 Rxf8 18. a4 bxa4 19. Bxa4+ Bc6 20. Bc2 a5 21. Qh4 h5 22. Qd4 Nd7 23. Ra2 Qb6 24. Rda1 Qc7 25. h3 Ke7 26. Qh4+ Ke8 27. Qg5 Nc5 28. Nd4 Bd7 29. f4 Nb7 30. e4 Qd8 31. Qg3 Rg8 32. Qf3 Bc8 33. Ba4+ Kf8 34. Bc6 dxe4 35. Bxe4 Qb6 36. Kh1 Kg7 37. Qe2 Qc5 38. Ra4 Qb6 39. Rxc4 Bd7 40. b4 Rac8 41. Rxc8 Rxc8 42. Qf3 Rc7 43. Bxb7 Rxb7 44. Rxa5 Rc7 45. Qg3 Ra7 46. Rxa7 Qxa7 47. Nb3 Qa3 48. Nc5 Bc6 49. h4 Qb2 50. Kh2 Qd2 51. Nb3 Qd5 52. Nd4 Bb7 53. Qf3 Qd7 54. Qf2 Qd5 55. Nf3 Qd3 56. Qd2 Qf5 57. Ng5 Qg4 58. Qf2 Qd1 59. c4 Qc1 60. c5 Qc4 61. Qd2 Bd5 62. Nf3 Qb3 63. Nd4 Qc4 64. Nc2 Qb3 65. Ne3 Bc6 66. Nc2 Bd5 67. Nd4 Qc4 68. Ne2 Bc6 69. Nc3 Qb3 70. b5 Bxb5 71. Nxb5 Qxb5 72. Qd6 Qc4 73. Kg3 Qc3+ 74. Kh2 Qc4 75. Qd2 Qxc5 76. Qd8 Qf8 77. Qf6+ Kg8 78. Kh3 Qc8 79. Qg5 1/2-1/2